Biblioteca

Cómo Gertrudis enseña a sus hijos, Cartas sobre la educación de los niños, Libros de educación elemental (prólogos) / Juan Enrique Pestalozzi (Registro nro. 43347)

Detalles MARC
000 -LÍDER
Campo fijo de descripción fija 006360000a22002050004500
020 ## - NÚMERO INTERNACIONAL NORMALIZADO PARA LIBROS
Número Internacional Normalizado del libro 970-07-4033-1
041 0# - CÓDIGO DE IDIOMA
Código de idioma para texto/pista de sonido o título separado
082 04 - NÚMERO DE CLASIFICACIÓN DECIMAL DEWEY
Número de clasificación G 372.1 P 476c
001 - NÚMERO DE CONTROL
Campo de control 14486
100 1# - ASIENTO PRINCIPAL--NOMBRE PERSONAL
Nombre personal Pestalozzi, Juan Enrique (Johann Heinrich) (1746-1827)
245 10 - TÍTULO
Título del Material Cómo Gertrudis enseña a sus hijos, Cartas sobre la educación de los niños, Libros de educación elemental (prólogos) / Juan Enrique Pestalozzi
250 ## - MENCIÓN DE EDICIÓN
Mención de edición 7
260 ## - PUBLICACIÓN, DISTRIBUCIÓN, ETC. (PIE DE IMPRENTA)
Lugar de publicación, distribución, etc. México : Porrúa
300 ## - DESCRIPCIÓN FÍSICA
Extensión 274 Pág.
336 ## - CONTENT TYPE
Content type term texto
Content type code txt
Source rdacontent
337 ## - MEDIA TYPE
Source rdamedia
Media type term sin mediación
Media type code n
338 ## - CARRIER TYPE
Source rdacarrier
Carrier type term volumen
Carrier type code nc
650 14 - ASIENTO SECUNDARIO DE MATERIA - TERMINO TEMÁTICO
Término temático o nombre geográfico como elemento de entrada EDUCACION
942 ## - TIPO DE MATERIAL (KOHA)
Tipo de Item KOHA Libros General
Existencias
Estado de Material Estado de Perdido Estado de Dañado No para Préstamo Colección Tomo Biblioteca de Origen Biblioteca Permanente Fecha de Adquisición Total de Préstamos Signatura Topográfica Código de Barras Última vez visto Ejemplar/Existencia Fecha de Remplazo Tipo de Material
        Colección General   Biblioteca FUSBC Biblioteca FUSBC 26/07/2007   G 372.1 P 476c 16546 21/03/2024 1 26/01/2016 Libros General

Biblioteca FUSBC | Teléfono: (57+4) 349 88 10 Ext. 141| WhatsApp (+57) 3005338115 
E-mail: biblioteca@unisbc.edu.co | Calle 76 87-14 Robledo Palenque, Medellín, Colombia

Con tecnología Koha